000
00239nam a22000977a 4500
999
_c
67588
_d
67585
100
_a
State Bank Pakistan
245
_a
The Pomegranate Enter Prise
260
_a
Pakistan,
_b
Banking Service Corporation:
_c
2019.
300
_a
146p.
942
_c
BK